Önderimiz Mustafa Kemal Atatürk'e mektup (Record no. 2164)

MARC details
000 -BAŞLIK
Sabit Uzunlukta Kontrol Alanı 00639na a2200229 4500
001 - KONTROL NUMARASI
Denetim Alanı 13966
003 - KONTROL NUMARASI IDENTIFIER
Denetim Alanı MIRAKIL
005 - SON İŞLEM TARİHİ VE ZAMANI
Denetim Alanı 20181213154847.0
008 - SABİT-BOY VERİ ELEMANLARI - GENEL BİLGİLER
Sabit Uzunlukta Kontrol Alanı 160822b tu 000 0
020 ## - ULUSLARARASI STANDART KİTAP NUMARASI
Uluslararası Standart Kitap Numarası 975008070X
035 ## - SİSTEM KONTROL NUMARASI
Sistem Kontrol Numarası 13966
040 ## - KATALOGLAMA KAYNAK
Orijinal Kataloglama Ajansı Milas
Kataloglama Dili tur
Metne Dönüştürmek Ajansı TR-AnCHP
082 ## - DEWEY ONLU SINIFLANDIRMA NUMARASI
Sınıflandırma Numarası ATA 923.156
Ürün Numarası Ö91ö 2006
090 ## - SINIFLAMA NUMARASI
Sınıflama Numarası ATA 923.156 Ö91ö 2006
100 ## - ANA GİRİŞ - KİŞİSEL İSİM
Kişisel Ad Özbay, Turgut
245 ## - BAŞLIK TABLOSU
Başlık Önderimiz Mustafa Kemal Atatürk'e mektup
Sorumluluk Tablosu, Vb Turgut Özbay
260 ## - YAYIN, DAĞITIM, VB
Yayın, Dağıtım, Vb Yeri Ankara
Yayıncı, Dağıtıcı, Vs Adı [yayl.y.]
Yayın, Dağıtım, Vb Tarihi 2006
300 ## - FİZİKSEL TANIM
Kapsam 20 s.
Boyutlar 18 sm.
504 ## - KAYNAKÇA VB NOT
Kaynakça Vb Notu Kaynakça var.
600 ## - KONU KATMA GİRİŞ - KURUMSAL ADI
Kişisel Ad Atatürk, Mustafa Kemal
Bir Adıyla İlişkilendirilen Tarihler 1881-1938
Genel Alt Bölümü Anma kitapları
942 ## - EKLENDİ GİRİŞ ELEMANLARI (KOHA)
Sınıflandırma Veya Raf Düzeni Kaynak
Koha Öğesi Türü Books
999 ## - SİSTEM KONTROL NUMARALARI (KOHA)
Koha Biblionumber 2164
Koha Biblioitemnumber 2164
Holdings
Kalıcı Konum Mevcut Konum Edinme Tarihi Edinim Kaynak Seri Numaralandırma / Kronolojik Toplam Check-Out'Lar Tam Çağrı Numarası Barkod Tarih Son Görülme İtibaren Geçerli Fiyatlar Koha Öğesi Türü Kopya Sayısı
CHP Kütüphanesi CHP Kütüphanesi 08/22/2016 Bağış c.3   ATA 923.156 Ö91ö 2006 001765 08/22/2016 08/22/2016 Books  
CHP Kütüphanesi CHP Kütüphanesi 08/22/2016 Bağış     ATA 923.156 Ö91ö 2006 001766 08/22/2016 08/22/2016 Books k.2